MARC

LEADER 00000nam0a2200000 4500
001 100687
005 20231031112200.0
035 |a (RuTPU)RU\TPU\book\108352 
090 |a 100687 
100 |a 20060825d1970 m y0rusy50 ca 
101 0 |a rus 
102 |a RU 
105 |a a z 001zy 
200 1 |a Электрохимические процессы с участием органических веществ  |e [сборник статей]  |f Академия наук СССР (АН СССР); под ред. А. Н. Фрумкина 
210 |a Москва  |c Наука  |d 1970 
215 |a 196 с.  |c ил. 
225 1 |a Журнал "Электрохимия" 
320 |a Библиогр. в конце ст. 
606 1 |a Органические соединения  |x Электрохимия  |2 stltpush  |3 (RuTPU)RU\TPU\subj\75605 
610 1 |a электрохимические процессы 
610 1 |a органические вещества 
610 1 |a адсорбция 
610 1 |a электроды 
610 1 |a полярография 
610 1 |a органические соединения 
610 1 |a анодные процессы 
675 |a 547:544.6  |v 3 
702 1 |a Фрумкин  |b А. Н.  |g Александр Наумович  |4 340 
712 0 2 |a Академия наук СССР (АН СССР)  |2 stltpush  |3 (RuTPU)RU\TPU\col\722 
801 1 |a RU  |b 63413507  |c 20060825  |g PSBO 
801 2 |a RU  |b 63413507  |c 20160926  |g PSBO 
942 |c BK